| 000 | 01215cam a22003377a 4500 | ||
|---|---|---|---|
| 003 | CHAP | ||
| 005 | 20220817043717.0 | ||
| 008 | 000928d2000 mx r 00110 spa d | ||
| 010 | _a82396 | ||
| 011 | _a83368 | ||
| 035 | _a93880 | ||
| 040 | _cCHAP | ||
| 090 | _aTesis | ||
| 100 | 0 | 0 |
_aToscano López, José. _9114341 |
| 245 | 1 | 0 |
_aComparación de crecimiento económico de Canada, México y Estados Unidos a partir de la firma del TLCAN _c/por José Toscano López |
| 260 |
_aChapingo, Méx. : _bEl autor, _c2000. |
||
| 300 |
_a76 h. : _banexos |
||
| 502 | _aTesis (M.C. en Economía del Desarrollo Rural) --UACH. División de Ciencias Económico-Administrativas | ||
| 590 |
_aALEPH _b10 _c20130110 _lUCH01 _h1437 |
||
| 590 |
_aBATCH-UPD _b10 _c20130110 _lUCH01 _h0643 |
||
| 590 |
_aBATCH-UPD _b10 _c20130410 _lUCH01 _h0327 |
||
| 590 |
_aBATCH-UPD _b10 _c20130914 _lUCH01 _h1151 |
||
| 590 |
_aCONVERSION _b10 _c20130109 _lUCH01 _h1346 |
||
| 650 | 1 | 4 | _aDesarrollo económico. |
| 650 | 1 | 4 | _aTratado Trilateral de Libre Comercio. |
| 901 | _aBK | ||
| 905 | _aMayto Villalobos S. | ||
| 942 | _cFOLL | ||
| 949 |
_bBC _cTES _d33724000793873 _eTS2 _fc.2 _h36968 _i93880 _sb |
||
| 949 |
_bBC _cTES _d938801 _eTS1 _h36967 _i93880 _sb |
||
| 999 |
_c82396 _d82396 |
||